Suite life on deck trivia quiz Stats

 Plays Quiz not verified by Sporcle

Also try: TV Show by Kids
Challenge
Share
Tweet
Embed
Score 0/16 Timer 05:00
0 Plays Today
question answer % Correct
What is londons last name?tipton
82%
when a class assignment causes the students to marry each other, who does london marry?zack
75%
What is codys job on the ship?towel boy
72.5%
In order to date bailey, cody makes a plan that is supposed to take how many months?six
71%
prince jeffey falls in love with which guest character?Maddie
69.4%
zach turns in one of codys papers and is sent to a councler because they think he is scared of what?banana
68.3%
where is bailey from?kettlecorn
65.4%
who turns out to be the one who floods the new aqua lounge?mr. moseby
65.2%
question answer % Correct
On parrot island, bailey finds a pig who she names ___?porkers
59.9%
What does londons grandmother work as?a farmer
58.8%
when zack is uses an internet dating service to get mr moseby and his teacher to date, an old lady at the dance thinks zack is her date because he has what number on his shirt?3
40.8%
marcus and mr moseby get stuck at a swedish store looking for a screw while wanting to see a museam for what music group?abba
38.1%
What is the name of the school the students attend?Seven seas high school
37%
in one episode, woody pretends to be a model named what?woodlander
28%
Who was londons original roomate?Padma
27.4%
during 'breakup in paris' woody is dressed up as who?napoleon
21.6%

You're not logged in!

Compare scores with friends on all Sporcle quizzes.
OR
Log In

You Might Also Like...

Show Comments

Extras

Created Aug 25, 2010ReportNominate
Tags:deck, life, suite

Top Quizzes Today


Score Distribution

Your Account Isn't Verified!

In order to create a playlist on Sporcle, you need to verify the email address you used during registration. Go to your Sporcle Settings to finish the process.

Report this User

Report this user for behavior that violates our Community Guidelines.

Details: